000 00571nam a22001577a 4500
005 20231123141120.0
008 231123b |||||||| |||| 00| 0 eng d
041 _aEnglish
082 _a341.77 INT
100 _lEnglish
245 _aTibet and the Chinese People's Republic :
_bA Report to the International Commission of Jurists by its Legal Inquiry Committee on Tibet
260 _aGeneva :
_bInternational Commission of Jurists,
_c1960
300 _bxiii, 345 pages ;
_c25 cm.
650 _aLegal practice
_bLaw
942 _cBK
_6ALISON_BN_VRIES
999 _c903
_d903